El proceso unificado de desarrollo de software

保存先:
書誌詳細
主要な著者: Jacobson, Ivar (著者), Booch, Grady (著者), Rumbaugh, James (著者)
フォーマット: 図書
言語:スペイン語
出版事項: Madrid Addison-Wesley 2000
主題:
タグ: タグ追加
タグなし, このレコードへの初めてのタグを付けませんか!

MARC

LEADER 00000nam a2200000 a 4500
001 UCO8499
003 CL-VaPUC
008 001207e20000000SP |||||||||||||||||spa|d
020 |a 8478290362 
082 0 4 |a 005.1  |b JAC  |2 21 
100 |a Jacobson, Ivar  |e author  |9 534195 
700 0 |a Booch, Grady  |e author  |9 453432 
700 0 |a Rumbaugh, James  |e author  |9 453433 
245 1 3 |a El proceso unificado de desarrollo de software 
300 |a 438 p 
942 |c BK 
945 |d 20001207 00:00:00  |a cmena 
260 |a Madrid  |b Addison-Wesley  |c 2000 
650 0 |a Software computacional   |9 384784 
650 0 |a Programación de computadores   |9 259531 
650 0 |a Análisis de sistemas   |9 260059 
583 |a last modification  |c 20001207 00:00:00  |k Rodrigo Vera 
999 |c 293114  |d 293112 
952 |0 0  |1 1  |2 ddc  |4 0  |6 005_100000000000000_JAC_2000  |7 0  |8 A  |9 344315  |a BIBING  |b BIBING  |d 2019-11-20  |i 3674614  |o 005.1 JAC 2000  |p 3674614  |r 2023-03-06  |w 2019-11-20  |y BK  |k CCI 
952 |0 0  |1 0  |4 0  |6 005_100000000000000_JAC_2000  |7 0  |8 A  |9 344316  |a BIBING  |b BIBING  |d 2019-11-20  |i 3674622  |o 005.1 JAC 2000  |p 3674622  |r 2024-01-25  |w 2019-11-20  |y BK  |k CCI 
952 |0 0  |1 0  |4 0  |6 005_100000000000000_JAC_2000  |7 0  |8 A  |9 344317  |a BIBING  |b BIBING  |d 2019-11-20  |i 3682374  |o 005.1 JAC 2000  |p 3682374  |r 2024-01-25  |w 2019-11-20  |y BK  |k EII 
952 |0 0  |1 0  |4 0  |6 005_100000000000000_JAC_2000  |7 0  |8 A  |9 344318  |a BIBING  |b BIBING  |d 2019-11-20  |i 3806480  |o 005.1 JAC 2000  |p 3806480  |r 2024-01-25  |w 2019-11-20  |y BK  |k ING 
952 |0 0  |1 0  |4 0  |6 005_100000000000000_JAC_2000  |7 0  |8 A  |9 344319  |a BIBING  |b BIBING  |d 2019-11-20  |i 3806499  |o 005.1 JAC 2000  |p 3806499  |r 2024-01-25  |w 2019-11-20  |y BK  |k ING 
952 |0 0  |1 0  |4 0  |6 005_100000000000000_JAC_2000  |7 0  |8 A  |9 344320  |a BIBING  |b BIBING  |d 2019-11-20  |i 3806502  |o 005.1 JAC 2000  |p 3806502  |r 2024-01-25  |w 2019-11-20  |y BK  |k ING 
952 |0 0  |1 0  |4 0  |6 005_100000000000000_JAC_2000  |7 0  |8 A  |9 344321  |a BIBING  |b BIBING  |d 2019-11-20  |i 3868796  |o 005.1 JAC 2000  |p 3868796  |r 2024-01-25  |w 2019-11-20  |y BK  |k CCI 
952 |0 0  |1 0  |4 0  |6 005_100000000000000_JAC_2000  |7 0  |8 A  |9 344325  |a BIBING  |b BIBING  |d 2019-11-20  |i 413074K  |o 005.1 JAC 2000  |p 413074K  |r 2024-01-25  |w 2019-11-20  |y BK  |k CCI 
952 |0 0  |1 0  |4 0  |6 005_100000000000000_JAC_2000  |7 0  |8 A  |9 344326  |a BIBING  |b BIBING  |d 2019-11-20  |i 4130758  |o 005.1 JAC 2000  |p 4130758  |r 2024-01-25  |w 2019-11-20  |y BK  |k CCI 
952 |0 0  |1 0  |4 0  |6 005_100000000000000_JAC_2000  |7 0  |8 A  |9 344327  |a BIBING  |b BIBING  |d 2019-11-20  |i 4130766  |o 005.1 JAC 2000  |p 4130766  |r 2024-01-25  |w 2019-11-20  |y BK  |k CCI 
952 |0 0  |1 0  |4 0  |6 005_100000000000000_JAC_2000  |7 0  |8 A  |9 344328  |a BIBING  |b BIBING  |d 2019-11-20  |i 4130790  |o 005.1 JAC 2000  |p 4130790  |r 2024-01-25  |w 2019-11-20  |y BK  |k CCI 
952 |0 0  |1 0  |4 0  |6 005_100000000000000_JAC_2000  |7 0  |8 A  |9 344329  |a BIBING  |b BIBING  |d 2019-11-20  |i 4130804  |o 005.1 JAC 2000  |p 4130804  |r 2024-01-25  |w 2019-11-20  |y BK  |k CCI